MISSIONARIES; THE CHRISTIAN SOCIAL CLUB ADVENTURE (Record no. 216186)

MARC details
000 -LEADER
fixed length control field 00439nam a22001577a 4500
008 - FIXED-LENGTH DATA ELEMENTS--GENERAL INFORMATION
fixed length control field 251113b |||||||| |||| 00| 0 eng d
020 ## - INTERNATIONAL STANDARD BOOK NUMBER
International Standard Book Number 978-0-9994908-1-5
100 ## - MAIN ENTRY--PERSONAL NAME
Personal name EMMANUEL PAUL JOHN
245 ## - TITLE STATEMENT
Title MISSIONARIES; THE CHRISTIAN SOCIAL CLUB ADVENTURE
260 ## - PUBLICATION, DISTRIBUTION, ETC.
Place of publication, distribution, etc. U S A
Name of publisher, distributor, etc. VALENTINE PUBLISHING HOUSE
Date of publication, distribution, etc. 2024
300 ## - PHYSICAL DESCRIPTION
Extent 187P.
500 ## - GENERAL NOTE
General note INCLUDES AN INDEX
650 ## - SUBJECT ADDED ENTRY
Topical term or geographic name entry element MISSIONARIES
942 ## - ADDED ENTRY ELEMENTS (KOHA)
Source of classification or shelving scheme Library of Congress Classification
Koha item type Long Loan Book
Holdings
Withdrawn status Lost status Source of classification or shelving scheme Damaged status Not for loan Collection Home library Current library Shelving location Date acquired Inventory number Total checkouts Full call number Barcode Date last seen Copy number Price effective from Koha item type
    Library of Congress Classification     Arts & Social Sciences Kisii University Library Kisii University Library On Display 11/13/2025 109765   BV 2063 .E46 2024 V.1 000000023549 11/13/2025 C.1 11/13/2025 Long Loan Book
    Library of Congress Classification     Arts & Social Sciences Kisii University Library Kisii University Library On Display 11/13/2025 109766   BV 2063 .E46 2024 V.1 000000023548 11/13/2025 C.2 11/13/2025 Long Loan Book
    Library of Congress Classification     Arts & Social Sciences Kisii University Library Kisii University Library On Display 11/13/2025 109767   BV 2063 .E46 2024 V.1 000000023547 11/13/2025 C.3 11/13/2025 Long Loan Book
    Library of Congress Classification     Arts & Social Sciences Kisii University Library Kisii University Library On Display 11/13/2025 109768   BV 2063 .E46 2024 V.1 000000023546 11/13/2025 C.4 11/13/2025 Long Loan Book